000 01159nam a22002777a 4500
001 03086
003 HDC
007 cr bn ---aaaaa
008 201229b20142014my ||||| |||| 00| 0 eng d
020 _a9789699347160
040 _aHDC
100 _aMahiah Said
_eauthor
_91935
245 4 _aThe Antecedents of Halal Consumption Congruence (HaCC) of Malaysia's Halal Food Products
_b: a Conceptual Approach
_c/ Mahiah Said & Faridah Hassan
260 _aMalaysia:
_bPAK Publishing,
_c2014
300 _a1 online pages (11 pages)
336 _atext
_2rdacontent
337 _acomputer
_2rdamedia
338 _aonline resource
_2rdacarrier
500 _aExtract from: Handbook on the Emerging Trends in Scientific Research (Proceedings Book of ICETSR, 2014, Malaysia), 2014 (pages 321-331)
_aIncludes bibliographical references
650 _aHalal food industry
_zMalaysia
_9218
700 _aFaridah Hassan
_ejoint author
_91936
856 _zRequest full-text at [email protected]
942 _2lcc
942 _cCHAP
942 _kEBCH 004002
999 _c472
_d472